Serien erraten mit Bildern #1 - Statistiken

Allgemein
  • Dieses Quiz wurde 3.754 mal gespielt
  • Das Durchschnittsergebnis liegt bei 7 aus 15
Antwortstatistiken
Bildquiz Antwort % Korrekt
Loki
79%
Greys Anatomy
70%
Suits
69%
Mandalorian
61%
Modern Family
60%
Brooklyn 99
51%
Monk
44%
Shameless
44%
WandaVision
43%
Supernatural
39%
How I Met Your Father
36%
NewGirl
35%
The Bear
26%
Desperate Housewives
25%
How to get away with murder
16%
Keine übereinstimmenden Quizze gefunden
Verteilung der Resultate
Anzahl Personen mit jedem Resultat
Perzentil nach korrekt beantworteten Fragen
Ihre Resultats-Entwicklung
Sie haben dieses Quiz noch nicht gespielt